000 00831nam a2200205Ii 4500
003 JO-AjNU
008 230605s9999||||xx |||||||||||||| ||und||
020 _a978-0-9825095-1-7
040 _aJO-AjNU
_bara
_erda
_cJO-AjNU
041 _aara
050 1 4 _aDS70.8.A4486
100 3 _aعلي، عثمان,
_eauthor
_952595
245 0 0 _aمستقبل العلاقات الأمريكية الكردية: هل ستصبح كردستان مستعمرة أمريكية
264 3 1 _aالولايات المتحدة الامريكية: المعهد العالمي للفكر الاسلامي، د.ت
300 _a90ص
336 _atext
_btxt
_2rdacontent
337 _aunmediated
_bn
_2rdamedia
338 _avolume
_bnc
_2rdacarrier
650 4 _aالعلاقات الامريكية الكردية - كردستان - تاريخ
_952596
999 _aA23308
_c26876
_d26876